Normal view
MARC view
Entry Personal Name
001 - CONTROL NUMBER
- control field: 1237235
003 - CONTROL NUMBER IDENTIFIER
- control field: OSt
005 - DATE AND TIME OF LATEST TRANSACTION
- control field: 20260430150342.0
008 - FIXED-LENGTH DATA ELEMENTS
- fixed length control field: 260430|| aca||aabn | a|a d
040 ## - CATALOGING SOURCE
- Original cataloging agency: OSt
- Transcribing agency: OSt
100 ## - HEADING--PERSONAL NAME
- Personal name: University of Delhi. Faculty of Arts. Deptt. of English
670 ## - SOURCE DATA FOUND
- Source citation: Work cat.: (OSt)1849582: Singh Amrita Au.; . Devadawson Christel R Gu. 1237234, Graphic life Narratives as Critical Interventions in the 21st Century, 2023
